000 00258nam a2200121Ia 4500
008 140130s9999 xx 000 0 und d
245 _cJane O'Connor
_aSplat
260 _bScholastic,
_c1994
440 _v1
521 _aBR
942 _cBK
999 _c39867
_d39867